MARC details
| 000 -LEADER |
| fixed length control field |
02279cam a2200433 a 4500 |
| 001 - CONTROL NUMBER |
| control field |
ocn232536779 |
| 003 - CONTROL NUMBER IDENTIFIER |
| control field |
TZ-ArACH |
| 005 - DATE AND TIME OF LATEST TRANSACTION |
| control field |
20150429151037.0 |
| 008 - FIXED-LENGTH DATA ELEMENTS--GENERAL INFORMATION |
| fixed length control field |
080619s2009 enk b 001 0 eng |
| 010 ## - LIBRARY OF CONGRESS CONTROL NUMBER |
| LC control number |
2008027687 |
| 015 ## - NATIONAL BIBLIOGRAPHY NUMBER |
| National bibliography number |
GBA8C6304 |
| Source |
bnb |
| 016 7# - NATIONAL BIBLIOGRAPHIC AGENCY CONTROL NUMBER |
| Record control number |
014794187 |
| Source |
Uk |
| 020 ## - INTERNATIONAL STANDARD BOOK NUMBER |
| International Standard Book Number |
0521696143 (pbk.) |
| 020 ## - INTERNATIONAL STANDARD BOOK NUMBER |
| International Standard Book Number |
9780521696142 (pbk.) |
| 035 ## - SYSTEM CONTROL NUMBER |
| System control number |
(OCoLC)232536779 |
| Canceled/invalid control number |
(OCoLC)269434440 |
| -- |
(OCoLC)717315165 |
| 040 ## - CATALOGING SOURCE |
| Original cataloging agency |
DLC |
| Language of cataloging |
eng |
| Transcribing agency |
TZ-ArACH |
| Modifying agency |
YDXCP |
| -- |
BTCTA |
| -- |
C#P |
| -- |
CDX |
| -- |
BWX |
| -- |
UKM |
| -- |
IG# |
| -- |
IXA |
| -- |
MUQ |
| -- |
CHVBK |
| -- |
OCLCQ |
| -- |
CHRRO |
| -- |
MIX |
| -- |
TULIB |
| -- |
UKMGB |
| -- |
OCLCF |
| -- |
BEDGE |
| -- |
OCLCQ |
| 041 ## - LANGUAGE CODE |
| Language code of text/sound track or separate title |
Eng |
| 049 ## - LOCAL HOLDINGS (OCLC) |
| Holding library |
TZAA |
| 050 00 - LIBRARY OF CONGRESS CALL NUMBER |
| Classification number |
K3585 |
| Item number |
.H57 |
| 082 00 - DEWEY DECIMAL CLASSIFICATION NUMBER |
| Classification number |
344.04/6 |
| Edition number |
22 |
| 100 1# - MAIN ENTRY--PERSONAL NAME |
| Personal name |
Hiskes, Richard P., |
| Dates associated with a name |
1951- |
| 9 (RLIN) |
16822 |
| 245 14 - TITLE STATEMENT |
| Title |
Human right to a green future : environmental rights and intergenerational justice |
| Remainder of title |
environmental rights and intergenerational justice / |
| Statement of responsibility, etc |
Richard P. Hiskes. |
| 260 ## - PUBLICATION, DISTRIBUTION, ETC. (IMPRINT) |
| Place of publication, distribution, etc |
Cambridge ; |
| -- |
New York : |
| Name of publisher, distributor, etc |
Cambridge University Press, |
| Date of publication, distribution, etc |
2009. |
| 300 ## - PHYSICAL DESCRIPTION |
| Extent |
x, 171 p. ; |
| Dimensions |
23 cm. |
| 504 ## - BIBLIOGRAPHY, ETC. NOTE |
| Bibliography, etc |
Includes bibliographical references (p. 153-159) and index. |
| 505 0# - FORMATTED CONTENTS NOTE |
| Formatted contents note |
Environmental human rights and intergenerational justice -- Emergent human rights, identity, harms, and duties -- Reflexive reciprocity and intergenerational environmental justice -- Cosmopolitan ethics, communal reciprocity, and global environmentalism -- Toward a global consensus on environmental human rights -- Human rights as inheritance : instituting intergenerational environmental justice -- Conclusion : environmental justice and the emergent future of human rights. |
| 650 #0 - SUBJECT ADDED ENTRY--TOPICAL TERM |
| Topical term or geographic name as entry element |
Environmental law. |
| 9 (RLIN) |
16823 |
| 650 #0 - SUBJECT ADDED ENTRY--TOPICAL TERM |
| Topical term or geographic name as entry element |
Human rights. |
| 9 (RLIN) |
16824 |
| 650 #6 - SUBJECT ADDED ENTRY--TOPICAL TERM |
| Topical term or geographic name as entry element |
Environnement |
| General subdivision |
Droit. |
| 9 (RLIN) |
16825 |
| 650 #6 - SUBJECT ADDED ENTRY--TOPICAL TERM |
| Topical term or geographic name as entry element |
Droits de l'homme (Droit international) |
| 9 (RLIN) |
16826 |
| 650 #7 - SUBJECT ADDED ENTRY--TOPICAL TERM |
| Topical term or geographic name as entry element |
Droits de l'homme |
| General subdivision |
Environnement |
| -- |
justice |
| -- |
Société (milieu humain) |
| Source of heading or term |
rero |
| 9 (RLIN) |
16827 |
| 650 #7 - SUBJECT ADDED ENTRY--TOPICAL TERM |
| Topical term or geographic name as entry element |
Environmental law. |
| Source of heading or term |
fast |
| 9 (RLIN) |
16828 |
| 650 #7 - SUBJECT ADDED ENTRY--TOPICAL TERM |
| Topical term or geographic name as entry element |
Human rights. |
| Source of heading or term |
fast |
| 9 (RLIN) |
16829 |
| 650 #7 - SUBJECT ADDED ENTRY--TOPICAL TERM |
| Topical term or geographic name as entry element |
Droit de l'environnement. |
| Source of heading or term |
eclas |
| 9 (RLIN) |
16830 |
| 650 #7 - SUBJECT ADDED ENTRY--TOPICAL TERM |
| Topical term or geographic name as entry element |
Droits de l'homme. |
| Source of heading or term |
eclas |
| 9 (RLIN) |
16831 |
| 856 41 - ELECTRONIC LOCATION AND ACCESS |
| Materials specified |
Table of contents only |
| Uniform Resource Identifier |
<a href="http://catdir.loc.gov/catdir/toc/ecip0821/2008027687.html">http://catdir.loc.gov/catdir/toc/ecip0821/2008027687.html</a> |
| 942 ## - ADDED ENTRY ELEMENTS (KOHA) |
| Source of classification or shelving scheme |
Library of Congress Classification |
| Koha item type |
Books |